000 00738cam a22002414a 4500
999 _c141655
_d141655
003 UPN
005 20220916063733.0
008 090218s2006 es r 000 f spa d
020 _a8496231801
035 _aUPN01000169549
040 _aUPN
_bspa
_cUPN
049 _aCG
050 4 _aPR9199.3 M6.6
_bA7.8
100 1 _aMoore, Jeffrey
_943565
245 1 4 _aLos artistas de la memoria :
_buna novela sobre olvidarlo todo y no poder olvidar nada /
_cJeffrey Moore ; tr. Silvia Komet.
260 _aMadrid :
_bMaeva,
_c2006.
300 _a365 p.
534 _pTitulo original:
_tThe memory artists
650 0 _aNovela canadiense
_99670
650 4 _aALZHEIMER, ENFERMEDAD DE -
_vNOVELA
_922793
905 _aLibro
942 _2lcc
_cLIBRO